| 000 | 01118cam a2200229 4500 | ||
|---|---|---|---|
| 008 | 031031n2003 000 0 eng u | ||
| 020 | _a0728204207 | ||
| 035 | _a(Sirsi) u124205 | ||
| 041 | _aeng | ||
| 050 | _a333.332 | ||
| 100 | _aFawcett, Scott | ||
| 245 | _aDesigning flexible cashflows | ||
| 260 |
_aLondon _bEstates Gazette _c2003 |
||
| 300 | _axvii,97p. ; 24cm. | ||
| 350 | _a23.00 | ||
| 520 | _aWhether calculating a net present value, assessing an internal rate of return, or considering the impact of debt on a transaction when analysing investments in property, it is very hard to get away from the need for cashflows. This book offers to help you to develop your own approach to tackling the day-to-day analysis of property investments as well as developing an awareness of a wide variety of different techniques and approaches to ensure that, when faced with unique or unusual situations, a modelling solution can be found. | ||
| 650 | _aCASH FLOWS | ||
| 650 | _aDEVELOPMENT APPRAISAL | ||
| 650 | _aPROPERTY INVESTMENT | ||
| 690 | _aPROPERTY-PROPERTY APPRAISAL AND VALUATION | ||
| 942 | _n0 | ||
| 999 |
_c103169 _d103169 |
||